Úvod do studia dějin zemí Předního Východu I. Pomocné vědy historické

Bibliographic Details
Main Author: Veselý, Rudolf, 1931-2020 (Author)
Format: Book
Language:Undetermined
PhysicalDescription:135s.
Published: Praha Státní pedagogické nakladatelství 1987

MARC

LEADER 00000nam a2200000 a 4500
001 vtls001284375
003 SK-MaSNL
005 20260301004353.0
008 240314s1987 xx 0 und
035 |a SNK000235867 
040 |a SNK  |b slo  |c SNK  |e AACR2 
100 1 |a Veselý, Rudolf,  |d 1931-2020  |4 aut  |9 232816 
245 1 0 |a Úvod do studia dějin zemí Předního Východu I.  |b Pomocné vědy historické 
260 |a Praha  |b Státní pedagogické nakladatelství  |c 1987 
300 |a 135s. 
958 |a OND 
999 |c 541981  |d 543911 
952 |t P60, <04>, [BOOK], {604}  |a SNK  |b SNK  |y VYP  |7 0  |p 17A0062083  |o snkIB 60837/1 D1  |0 0  |1 1  |4 0  |d 1997-04-22  |l 0  |r 2005-01-02 00:00:00  |w 2026-02-23 
952 |t P60, <04>, [BOOK], {604}  |a SNK  |b SNK  |y VYP  |7 0  |p 17A0206765  |o snkIB 60837/1  |0 0  |1 0  |4 0  |d 1999-08-13  |l 0  |r 2005-01-02 00:00:00  |w 2026-02-23